000 00503nam a2200181Ia 4500
001 18666
005 20260306171647.0
008 260306s9999||||xx |||||||||||||| ||und||
041 _aESP
082 _a658.45
_bA24
100 _aAdler, Ronald B.
_eAUT
245 0 _aComunicación organizacional:
_bprincipios y prácticas para negocios y profesiones
260 _c2005
300 _a462 páginas :A-38 :G-7 :N-18 :C-4 :I-13
_c27 cm.
650 _aGEN
654 _aCAN
942 _cLIB
_dJUS
_fJUS
_2ddc
_n
999 _c18666
_d18666